000
00225nam a2200097Ia 4500
008
240331s9999 xx 000 0 und d
082
_b
APP
100
_a
Appaswamy P.C
245
0
_a
Winslow's English -Tamil dctionary
942
_c
L
999
_c
3253
_d
3253